000 00438nam a2200133Ia 4500
001 3623
008 241024s9999 xx 000 0 und d
082 _aRD/379.007/R426s
100 _aRepública Dominicana. Ministerio de Educación
245 0 _aIV Seminario Subregional de educación, "Conocimientos, prácticas y gestión de procesos educativos de calidad"
260 _bUNESCO
_c2013
901 _a13/1/2014 3:15:18 p.m.
999 _c8313
_d8313